| 000 | 00360nam a2200145Ia 4500 | ||
|---|---|---|---|
| 008 | 231004s9999 xx 000 0 und d | ||
| 020 | _a9789386365033 | ||
| 041 | _aeng | ||
| 082 |
_a613.7 _bAVI |
||
| 100 | _aDR.AVINASH KUMAR | ||
| 245 | _aSKILL INDIA | ||
| 260 |
_aNEW DELHI _bSHRI SAI PRINTO GRAPHERS _c2021 |
||
| 300 | _a248 | ||
| 650 | _aGENERAL KNOWLEDGE | ||
| 999 |
_c877242 _d877242 |
||